Scottish Planning Policy SPP 16 (Record no. 105839)

MARC details
000 -LEADER
fixed length control field 00983cam a2200253 4500
001 - CONTROL NUMBER
control field ##E134904
008 - FIXED-LENGTH DATA ELEMENTS--GENERAL INFORMATION
fixed length control field 060821n2005 000 0 eng u
020 ## - INTERNATIONAL STANDARD BOOK NUMBER
International Standard Book Number 0755926250
035 ## - SYSTEM CONTROL NUMBER
System control number (Sirsi) u134904
041 0# - LANGUAGE CODE
Language code of text/sound track or separate title eng
050 04 - LIBRARY OF CONGRESS CALL NUMBER
Classification number 711.1 $2 18
110 2# - MAIN ENTRY--CORPORATE NAME
Corporate name or jurisdiction name as entry element Scotland
Subordinate unit Scottish ExecutiveDevelopment Department
245 00 - TITLE STATEMENT
Title Scottish Planning Policy SPP 16
Remainder of title opencast coal
260 ## - PUBLICATION, DISTRIBUTION, ETC.
Place of publication, distribution, etc. Edinburgh
Name of publisher, distributor, etc. Scottish Executive Development Department
Date of publication, distribution, etc. 2005
300 ## - PHYSICAL DESCRIPTION
Extent 24p.
Dimensions 30cm.
490 #0 - SERIES STATEMENT
Series statement Scottish Planning Policies
520 ## - SUMMARY, ETC.
Summary, etc. Sets out the nationl planning policy framework for the working of opencast coal.
650 24 - SUBJECT ADDED ENTRY--TOPICAL TERM
Topical term or geographic name entry element SPP16
651 #4 - SUBJECT ADDED ENTRY--GEOGRAPHIC NAME
Geographic name Scotland
Chronological subdivision 1999-
690 ## - LOCAL SUBJECT ADDED ENTRY--TOPICAL TERM (OCLC, RLIN)
Topical term or geographic name as entry element ENVIRONMENTAL AND LAND CONSULTANCY-MINERAL RESOURCE MANAGEMENT
690 ## - LOCAL SUBJECT ADDED ENTRY--TOPICAL TERM (OCLC, RLIN)
Topical term or geographic name as entry element PROPERTY-INFRASTRUCTURE-POWER AND MINERAL SUPPLY INFRASTRUCTURE
856 40 - ELECTRONIC LOCATION AND ACCESS
Uniform Resource Identifier <a href="https://www.scotland.gov.uk/Publications/2005/07/13111617/16198">https://www.scotland.gov.uk/Publications/2005/07/13111617/16198</a>
Hours access method available View the document free of charge at www.scotland.gov.uk...
942 ## - ADDED ENTRY ELEMENTS (KOHA)
Suppress in OPAC 0
Holdings
Withdrawn status Lost status Source of classification or shelving scheme Damaged status Not for loan Home library Current library Shelving location Date acquired Total Checkouts Full call number Barcode Date last seen Copy number Price effective from Koha item type
    Dewey Decimal Classification     Virtual Virtual Online 11/09/2006   ONLINE PUBLICATION 134904-2001 06/08/2019 1 06/08/2019 Book